000 00705nam a2200217 4500
003 OSt
005 20240618052416.0
006 a
008 240618b |||||||| |||| 00| 0 eng d
020 _a9839572342
040 _aDWCL-Main lib.
_cOC
082 _aGR. 709.59 V834a 2001
111 _aHaji Abdul Ghani Haji Bujang...[et al]
245 _aVisual arts in ASEAN : continuity and change /
260 _aKuala Lumpur :
_bASEAN Committee on Culture and Information,
_cc2001.
300 _aiii,
_b239 p. : b & w ill. ;
_c30 cm.
504 _aIncludes bibliographical references.
650 _a1. Art, Southeast Asian.
711 _aHaji Abdul Ghani Haji Bujang...[et al]
942 _2ddc
_n0
_cGR
_kGR.
999 _c813
_d813